000
00281nam a2200121 a 4500
008
100922s1970|||| d
100
1
_a
Füst, Milán
245
1
0
_a
Ľúbil som svoju ženu
260
_b
Epocha
_a
Bratislava
_c
1970
020
_c
24
044
_a
xo
_c
SK
041
_a
slo
999
_c
10613
_d
10613